| 000 | 00456cam a22001457a 4500 | ||
|---|---|---|---|
| 008 | 180718b1956 xxu||||| |||| 00| 0 eng d | ||
| 082 | _aD1 W939 | ||
| 100 | _aWriston, Henry M. | ||
| 245 |
_aDiplomacy in a democracy _cby Henry M. Wriston |
||
| 260 |
_aNew York _bHarper & Brothers _c1956 |
||
| 300 | _a115p | ||
| 650 | _aUnited States --Foreign relations | ||
| 650 | _aDiplomatic and consular service | ||
| 650 | _aDiplomatic and consular service, American | ||
| 999 |
_c424609 _d424609 |
||